| 000 | 00970cam a22002891 4500 | ||
|---|---|---|---|
| 001 | gs 63000205 | ||
| 003 | DLC | ||
| 005 | 20260227111412.0 | ||
| 008 | 790425s1962 nduab b s000 0 eng c | ||
| 010 | _ags 63000205 | ||
| 035 | _a(OCoLC)4893298 | ||
| 040 |
_aU.S. Geol. Survey. Libr. _cMnMohC _dDLC |
||
| 042 | _apremarc | ||
| 043 | _an-us-nd | ||
| 050 | 0 | 0 |
_aQE149 _b.C3 |
| 100 | 1 |
_aCarlson, C. G. _q(Clarence Gustav) |
|
| 245 | 1 | 0 |
_aUpper Ordovician and Silurian rocks of North Dakota, _cby C. G. Carlson and W. P. Eastwood. |
| 260 |
_aGrand Forks, _c1962. |
||
| 300 |
_aii, 52 p. _billus., maps. _c23 cm. |
||
| 410 | 2 | 0 |
_aNorth Dakota Geological Survey. _tBulletin _v38 |
| 500 | _aPart of illustrative matter fold. in pocket. | ||
| 504 | _aBibliography: p. 23-26. | ||
| 650 | 0 |
_aGeology _zNorth Dakota. |
|
| 650 | 0 |
_aGeology, Stratigraphic _yOrdovician. |
|
| 650 | 0 |
_aGeology, Stratigraphic _ySilurian. |
|
| 700 | 1 |
_aEastwood, William Parker, _ejoint author. |
|
| 999 |
_c29708 _d29708 |
||